[Event "RUS-chT 06th"]
[Site "St Petersburg"]
[Date "1999.05.22"]
[Round "7"]
[White "Iskusnyh, Sergei"]
[Black "Burmakin, Vladimir"]
[Result "1/2-1/2"]
[WhiteElo "2486"]
[BlackElo "2534"]
[Annotator "Baburin,A"]
[PlyCount "99"]
[EventDate "1999.05.16"]
[EventType "team-tourn"]
[EventRounds "9"]
[EventCountry "RUS"]
[SourceTitle "EXT 2020"]
[Source "ChessBase"]
[SourceDate "2019.10.17"]
[SourceVersion "1"]
[SourceVersionDate "2019.10.17"]
[SourceQuality "1"]
[WhiteTeam "Novokuznetsk"]
[BlackTeam "Murmansk OShK"]
[WhiteTeamCountry "RUS"]
[BlackTeamCountry "RUS"]

1. d4 d5 2. c4 e6 3. Nc3 Be7 4. Nf3 Nf6 5. Bg5 O-O 6. cxd5 exd5 7. Qc2 c6 8. e3
Nbd7 9. Bd3 Re8 10. h3 Nf8 11. O-O Nh5 12. Bxe7 Qxe7 13. Rab1 Qf6 14. Ne5 Qh6
15. Qd1 Nf6 16. Qf3 Ne6 17. Qg3 c5 18. Rbd1 cxd4 19. exd4 Nf4 20. Rfe1 Be6 21.
Bc2 N6h5 22. Ng4 Qg5 23. Qf3 Nf6 24. Nxf6+ Qxf6 25. Kh2 Qh6 26. Bb3 Red8 27.
Re5 Ng6 28. Rh5 Qf4+ 29. Qxf4 Nxf4 30. Re5 Ng6 31. Re3 Rab8 {This endgame
offers White better chances, as his bishop is more active than its Black
counterpart and this feature is permanent.} 32. Ne2 Rbc8 33. g4 Nf8 34. f4 {
White is gaining space on the kingside, which may prove useful in a long run.}
g6 35. Nc3 Kg7 36. Rf1 $5 $16 f5 37. Rfe1 Rc6 38. Kg3 a6 39. Re5 Rcd6 40. Na4 (
40. a4 $5) 40... b6 41. Nc3 h6 42. g5 hxg5 43. fxg5 Bf7 44. Re7 Ne6 45. Bxd5
Nxg5 46. h4 (46. Bxf7 $142 Nxf7 47. d5 $14) 46... Rxd5 47. Nxd5 Ne4+ 48. R1xe4
fxe4 49. Nxb6 Rxd4 50. Nd7 1/2-1/2

[Event "Isle of Man op"]
[Site "Isle of Man"]
[Date "1997.10.05"]
[Round "2"]
[White "Baburin, Alexander"]
[Black "Rausis, Igors"]
[Result "1-0"]
[WhiteElo "2570"]
[BlackElo "2490"]
[Annotator "Baburin,A"]
[PlyCount "81"]
[EventDate "1997.10.??"]
[EventType "swiss"]
[EventRounds "9"]
[EventCountry "IOM"]
[SourceTitle "CBM 061"]
[Source "ChessBase"]
[SourceDate "1997.11.23"]
[SourceVersion "1"]
[SourceVersionDate "1997.11.23"]
[SourceQuality "1"]

1. d4 d5 2. c4 e6 3. Nc3 Nf6 4. cxd5 exd5 5. Bg5 c6 6. Qc2 Nbd7 7. e3 Be7 8.
Bd3 O-O 9. Nf3 Re8 10. h3 Nf8 11. Bf4 Bd6 12. Bxd6 Qxd6 13. O-O-O ({Another
plan is related to the kingside castling and the minority attack:} 13. O-O Qe7
14. Rab1) 13... a5 $6 ({More flexible here is} 13... Be6 14. Kb1 Rac8 15. g4 c5
16. dxc5 Rxc5 17. Nd4 a6 18. f3 N6d7 19. Qh2 Qe7 20. Rhe1 Nb6 21. Rc1 Rec8 22.
f4 Bd7 23. Nb3 R5c7 24. f5 Bc6 25. Nd4 {Gabriel-Lobron, BL 1996}) 14. Kb1 Be6
15. Ne5 ({White did better in the game Topalov-Piket, Linares 1997, after} 15.
g4 Rac8 16. Ng5 b5 17. f4 Bd7 18. Qe2 a4 19. Rc1 a3 20. b3 Ng6 21. Qd2 h6 22.
Nf3 Ne4 23. Bxe4 dxe4 24. Ne5) 15... N6d7 16. Nxd7 Bxd7 17. Na4 Be6 18. Rc1 Ra7
19. a3 h6 20. g4 {White gets nowhere, playing just on the queenside (Qc5, etc.)
, so the pawn storm on the opposite wing is necessary.} Nd7 21. f4 b5 $1 22. f5
bxa4 23. Rhe1 $1 {It's very important to have the e3-pawn well protected. The
e6-bishop is not going to escape.} Nb6 24. Qxc6 Qb8 25. fxe6 Rxe6 26. Qc3 g6
27. h4 Ree7 28. h5 Rec7 29. Qd2 Nc4 (29... g5) 30. Bxc4 dxc4 31. hxg6 fxg6 32.
d5 ({Perhaps,} 32. e4 Rab7 33. Ka1 {would be a better choice. The pawns should
move forward together.}) 32... Rab7 33. Ka1 Rb3 34. Rc3 ({I spent a lot of
time here trying to find out whether} 34. d6 Rd7 {would be a better line for
me. It looks like Black is doing well here:} 35. Rxc4 Qxd6 36. Rd4 Qe5) 34...
Rcb7 35. Rxb3 Rxb3 36. Qc2 Qd6 $138 (36... Kh7 37. Qxc4 Rxb2 (37... Qe5 38. Qd4
Qxd4 39. exd4) 38. Rc1 $1 Rb3 39. Qc7+ Qxc7 40. Rxc7+ Kg8 41. e4) 37. Qxc4 Qe5
38. d6+ $2 ({The immediate exchange of the Queens would have been better,} 38.
Qd4 $1 Qxd4 39. exd4 Rb5 40. Re5 {as here, Black could not get his rook behind
my d-pawn.} Kf7 41. Kb1 $18) 38... Kg7 39. Qd4 Qxd4 40. exd4 Kf6 $4 (40... Kf7
$2 41. d5 Rb7 42. Re6 $18) (40... Rb7 41. Re6 Rb5) (40... Rb5 $1 $11) 41. d7
1-0

[Event "Elgoibar 09th"]
[Site "Elgoibar"]
[Date "1999.??.??"]
[Round "9"]
[White "Lazarev, Vladimir"]
[Black "Gomez Esteban, Juan Mario"]
[Result "1-0"]
[WhiteElo "2501"]
[BlackElo "2475"]
[Annotator "Baburin,A"]
[PlyCount "139"]
[EventDate "1999.11.??"]
[EventType "tourn"]
[EventRounds "9"]
[EventCountry "ESP"]
[EventCategory "9"]
[SourceTitle "CBM 075"]
[Source "ChessBase"]
[SourceDate "2000.04.05"]
[SourceVersion "1"]
[SourceVersionDate "2000.04.05"]
[SourceQuality "1"]

1. d4 {Hecht} Nf6 2. c4 e6 3. Nc3 d5 4. cxd5 exd5 5. Bg5 Be7 6. e3 c6 7. Qc2
Nbd7 8. Bd3 h6 9. Bh4 Nh5 {It seems that nowadays this system is less popular
than a few years ago, as White has found ways of maintaining his initiative.}
10. Bxe7 Qxe7 11. Nge2 ({White can also develop this knight to f3 later on, as,
for example, in the game Bareev-Berkovich, New York Open 1998:} 11. O-O-O Nb6
12. Kb1 Bd7 13. h3 O-O-O 14. Nf3 Kb8 15. Rc1 Nf6 16. Nd2 Rhe8 17. Rhe1 Bc8 18.
Ka1 Nfd7 19. Ne2 Nf6 20. Ng3 g6 21. a3 h5 22. f3 h4 $132) 11... Nb6 12. h3 ({
In CBM-74 we covered a very important game for this variation:} 12. O-O-O Bd7
13. Kb1 O-O-O 14. Nc1 $1 g6 15. Rhe1 Kb8 16. Nb3 Ng7 17. f3 $1 Be6 18. Qf2 Qc7
19. Rc1 Nc4 20. Nc5 Bc8 21. e4 {and White went to win in the game
Sorin-Hoffman, Buenos Aires 1999.}) 12... Bd7 13. O-O-O O-O-O 14. Kb1 Kb8 15.
Nc1 g6 16. Rhe1 Ng7 17. f3 $1 {This is the same plan, which White used in the
game Sorin-Hoffman, 1999. Lazarev changes it slightly, as he does not rush to
bring his knight to b3. This might be an improvement, as we can see soon.} Rhe8
18. Qf2 Ka8 19. Bc2 Nc4 ({Perhaps Black should have played} 19... f5 {[%csl
Re5] but then White might benefit from keeping his knight on c1 as after} 20.
Nd3 {[%cal Gd3e5] this knight has good prospects of occupying the e5-square,
for example:} Nc4 21. Re2 g5 22. f4 $36) 20. e4 Qb4 $6 (20... Be6 $142 21. exd5
(21. e5) 21... cxd5 22. Nd3 $36) 21. Bb3 Be6 22. Nd3 Qa5 23. Nc5 Bc8 (23...
Na3+ 24. Ka1 Nb5 25. Nxb5 Qxb5 26. e5 $16) 24. Bxc4 $5 dxc4 25. Qh4 $1 {
Suddenly Black has problems with pawns on the kingside and his knight.} h5 ({or
} 25... b6 26. Qf6 $1 (26. Qxh6 Nh5 27. N5a4) 26... bxc5 (26... Ne6 27. Nxe6
Bxe6 28. d5 $1 (28. f4) 28... cxd5 29. exd5 Bf5+ 30. Ka1 $16) 27. Qxg7 cxd4 28.
Rxd4 $16) 26. Qf6 Ne6 27. Nxe6 Bxe6 28. g4 $1 {White does not want to allow
the enemy bishop to f5 after the eventual d4-d5.} hxg4 29. hxg4 Rf8 30. d5 Bd7
31. Rd4 $1 $18 Rc8 32. dxc6 Bxc6 33. Rxc4 a6 34. a3 Qd8 35. Qxd8 Rcxd8 36. Rd1
Rxd1+ 37. Nxd1 Bb5 (37... f5 {Hecht} 38. exf5 gxf5 39. Rf4 Rd8 40. Ne3 fxg4 (
40... Rd3 41. Nxf5 Rxf3 42. Rxf3 Bxf3 43. Ne3 Be4+ 44. Kc1 Ka7 45. Kd2 Kb6 46.
Nf5 Kc5 47. Ke3 $16 {bzw. +-}) 41. fxg4 Rd3 42. Nc4 Rg3 $16) 38. Rc3 Be2 39.
Nf2 Rh8 40. Re3 Bb5 41. e5 Rh2 42. Ne4 Bc4 43. Kc1 Ka7 44. b4 Bd5 45. Ng5 Kb6
46. e6 fxe6 47. Nxe6 Rf2 48. Nd4 Kc7 49. Kd1 Kd6 50. Ke1 Rb2 51. Ne2 b6 52. f4
a5 53. bxa5 bxa5 54. f5 gxf5 55. gxf5 Bc4 (55... Rb3 $142 {Hecht} 56. Nc3 Bc4
57. f6 Kc6 58. a4 $16) 56. Nc3 Rh2 57. Re4 Bf7 58. Ra4 Ke5 59. Rxa5+ Kd4 60.
Ne2+ Ke4 61. Rc5 Ke3 62. Re5+ Kf3 63. a4 Bc4 64. f6 Rh8 (64... Bxe2 {Hecht} 65.
f7 Rh1+ 66. Kd2 Rd1+ 67. Kc2 Rd8 68. Re8 $18) 65. Nd4+ Kf4 66. Rc5 Ke3 67. Nf5+
Kd3 68. Nd6 Bb3 69. a5 Ke3 70. Rc3+ 1-0

[Event "Petrov Memorial op"]
[Site "St Petersburg"]
[Date "1996.??.??"]
[Round "7"]
[White "Malaniuk, Vladimir P"]
[Black "Krogius, Nikolai V"]
[Result "1-0"]
[WhiteElo "2585"]
[BlackElo "2490"]
[Annotator "Baburin,A"]
[PlyCount "137"]
[EventDate "1996.02.??"]
[EventType "swiss"]
[EventRounds "9"]
[EventCountry "RUS"]
[SourceTitle "CBM 052"]
[Source "ChessBase"]
[SourceDate "1996.06.01"]
[SourceVersion "1"]
[SourceVersionDate "1996.06.01"]
[SourceQuality "1"]

{In this game both Kings marched thoughout the whole board, but their
destinies were quite different...} 1. d4 Nf6 2. c4 e6 3. Nc3 d5 4. cxd5 exd5 5.
Bg5 Be7 6. e3 O-O 7. Bd3 Nbd7 8. Nge2 Re8 9. O-O Nf8 10. Qc2 c6 11. f3 h6 12.
Bh4 Ne6 13. Kh1 b6 14. Rad1 Bb7 15. Bf5 Nd7 16. Bf2 Ndf8 17. Bd3 Qc8 18. e4 Rd8
19. Bg1 Ba6 20. e5 Bxd3 21. Rxd3 f5 22. f4 g6 23. h3 h5 24. a3 Ng7 25. Nd1 Qe6
26. Ne3 Rac8 27. Rfd1 Rc7 28. Qd2 a5 29. Qc2 Kf7 30. Bf2 Qd7 31. Be1 Nfe6 32.
Rc1 Rdc8 33. Qd1 Ra8 34. Qb3 b5 35. a4 b4 36. Bf2 Rh8 37. g3 Ra8 38. Rd2 Rh8
39. Qd3 Qc8 40. Kh2 Qb7 41. Qb3 Qa6 42. Qd1 Qb7 43. b3 Rcc8 44. Qh1 Qd7 45.
Rdc2 Rc7 46. Qf3 Ke8 47. Ng2 Kf7 48. Be3 Rcc8 49. Ne1 Rc7 50. Nd3 Qc8 {[#] At
this stage White has achieved a lot: a space advantage, a healthy pawn
formation and well placed pieces. He needs only a target to attack. It's
absolutely clear that White must go for an eventual g3-g4, however it would
weaken his King as well. So White successfully evacuates the King first.
Actually, Black does the same, but with a different result.} 51. Kg2 Qa6 52.
Rd1 Rcc8 53. Kf2 $1 Rh7 54. Ke1 Ke8 55. Kd2 Kd7 56. Kc1 Rc7 57. Kb1 Rc8 58. Ka2
Rc7 59. Bc1 Kc8 60. Ne1 Kb7 61. Ng2 Qa8 62. Ne3 Rd7 63. Bb2 Qd8 64. g4 $1 hxg4
65. hxg4 Qf8 66. Rdc1 Nd8 67. Ng3 Rh6 68. Nxd5 cxd5 69. Qd3 1-0

[Event "Bundesliga 9900"]
[Site "Germany"]
[Date "2000.03.13"]
[Round "13.2"]
[White "Bareev, Evgeny"]
[Black "Boensch, Uwe"]
[Result "0-1"]
[WhiteElo "2709"]
[BlackElo "2547"]
[Annotator "Baburin,A"]
[PlyCount "78"]
[EventDate "1999.10.09"]
[EventType "team-tourn"]
[EventRounds "15"]
[EventCountry "GER"]
[SourceTitle "CBM 076"]
[Source "ChessBase"]
[SourceDate "2000.05.31"]
[SourceVersion "1"]
[SourceVersionDate "2000.05.31"]
[SourceQuality "1"]
[WhiteTeam "Luebeck"]
[BlackTeam "Dresden"]
[WhiteTeamCountry "GER"]
[BlackTeamCountry "GER"]

1. d4 Nf6 2. c4 e6 3. Nc3 d5 4. cxd5 exd5 5. Bg5 c6 6. Qc2 Be7 7. e3 Nbd7 8.
Bd3 Nh5 {GM Boensch is an expert in this system and has very good results here.
} 9. Bxe7 Qxe7 10. Nge2 Nb6 11. Rb1 {Play with 0-0-0 is more popular and seems
to promise White more.} g6 12. b4 a6 13. a4 O-O 14. a5 {This is rather unusual
- normally White tries to manage b4-b5 in such positions. The text move blocks
the queenside, which in a long run is in Black's favour as he has better
prospects on the other wing.} Nd7 15. Na4 f5 16. O-O Ndf6 17. Qc1 Be6 18. Bc2
Ne4 19. Rb3 g5 $5 20. f3 Nd6 21. Nc5 Rae8 22. Re1 Bc8 $15 {This is a very
typical piece set-up - now Black has not troubles on the queenside and can
play on the kingside at his leisure.} 23. Ng3 $6 Nxg3 24. hxg3 f4 $1 25. g4 $6
(25. gxf4 $142 gxf4 26. e4) 25... Qg7 $1 26. Qd1 Nb5 $6 (26... Nc4 $5) 27. Bd3
h5 28. Bxb5 axb5 29. gxh5 g4 $1 30. exf4 g3 31. Rbe3 (31. Re5 $5) 31... Rxe3
32. Rxe3 Qf6 33. Kf1 Qh4 34. Ke2 Qh2 35. Qf1 Bh3 36. Kd2 Bxg2 $19 37. Qe1 (37.
Qb1 $142 Bxf3+ 38. Kc3) 37... Bh3+ 38. Re2 g2 39. Qf2 Qxf4+ 0-1

[Event "USA-ch Gr-A"]
[Site "Salt Lake City"]
[Date "1999.08.26"]
[Round "4"]
[White "Yermolinsky, Alex"]
[Black "Christiansen, Larry Mark"]
[Result "1-0"]
[WhiteElo "2588"]
[BlackElo "2610"]
[Annotator "Baburin,A"]
[PlyCount "57"]
[EventDate "1999.08.05"]
[EventType "tourn"]
[EventRounds "7"]
[EventCountry "USA"]
[EventCategory "13"]
[SourceTitle "CBM 073"]
[Source "ChessBase"]
[SourceDate "1999.12.01"]
[SourceVersion "1"]
[SourceVersionDate "1999.12.01"]
[SourceQuality "1"]

1. d4 Nf6 2. Nf3 e6 3. c4 d5 4. Nc3 Nbd7 5. cxd5 exd5 6. Bg5 c6 7. e3 Be7 8.
Qc2 O-O 9. Bd3 Re8 10. O-O Nf8 11. h3 Be6 ({RR} 11... Nh5 12. Bxe7 Rxe7 13. b4
Be6 14. b5 cxb5 15. Nxb5 a6 16. Nc3 Rc8 17. Qb2 Nf6 $132 {I.
Ivanov-Yermolinsky, USA (ch) 1996.}) 12. Rfe1 $5 $146 {[%mdl 4] It seems that
in this particular position this move is new. White has a wide choice here,
but Black's position is very solid in all lines.} (12. Rae1 N6d7 13. Bf4 Ng6
14. Bg3 Ndf8 15. Na4 Bd6 16. Bxd6 Qxd6 17. Nc5 b6 18. Nxe6 Nxe6 19. Rc1 Rac8
20. Rfd1 Rc7 21. a3 Rec8 {Dreev-Akopian, Groningen 1991.}) (12. Bxf6 Bxf6 13.
b4 Rc8 14. Na4 Rc7 15. Rac1 Be7 16. Qb1 Bd6 17. b5 Qf6 18. bxc6 bxc6 19. Nh2
Qh4 20. Bf5 Qh5 21. Bxe6 Nxe6 $132 {Karpov-Campora, San Nicolas 1994.}) (12.
Bf4 N6d7 13. Bh2 g6 14. Ne2 Nb6 15. Nf4 Bd6 16. Kh1 f6 17. Nxe6 Rxe6 18. Bg1
Qe7 19. g4 Re8 20. Rae1 Qg7 21. Nh2 Qh6 22. Kg2 g5 {1/2-1/2
Polugaevsky-Nogueiras, Zagreb 1987.}) (12. Rab1 Ne4 13. Bf4 Bd6 14. Bxd6 Nxd6
15. Na4 Qf6 16. Kh2 $2 Bxh3 $1 17. Kxh3 Qh6+ 18. Kg3 Re4 $1 19. Bxe4 Nxe4+ 20.
Qxe4 dxe4 $19 {Henley-Klovans, Biel 1996.}) (12. Ne5 N6d7 13. Bxe7 Qxe7 14. f4
f6 15. Nf3 Bf7 16. Rae1 c5 $132 {M. Gurevich-Akopian, Barcelona 1992.}) 12...
Rc8 13. a3 Ng6 14. b4 a5 $6 {This move just helps White's play on the
queenside.} (14... Bd6 15. e4 $5 dxe4 16. Nxe4 Be7 17. Nc5 $36) 15. Na4 $1 (15.
Rab1 axb4 16. axb4) 15... Ne4 (15... axb4 $5 16. axb4 Ne4 (16... Bxb4 $2 17.
Reb1 $16) 17. Bxe7 Rxe7 18. Nc5 Bf5) 16. Bxe7 Rxe7 17. Nc5 f5 (17... Bf5) 18.
bxa5 $1 {By opening up the b-file, White seizes the initiative, as he ties
Black down to the b7-pawn before Black can start any play on the kingside.}
Qxa5 19. Reb1 Qa7 (19... Nxc5 $2 20. dxc5 $16) 20. a4 Rf8 (20... b6 21. Nxe6
Rxe6 22. Qb3 $16) 21. a5 Bc8 {It looks like Black has finally prepared for
some action on the kingside, but his queen is badly misplaced and this ruins
his chances.} 22. Rb6 $1 h6 23. Qb3 Kh7 24. a6 $1 Nxc5 25. dxc5 Rf6 26. Nd4 Ne5
27. Bxf5+ $1 Bxf5 28. Nxf5 Rxf5 29. Qb1 (29. Qb1 Ref7 30. Rxb7 $18 (30. axb7
$18)) 1-0

[Event "Scandic Hotels CC"]
[Site "Stockholm"]
[Date "1999.08.03"]
[Round "4"]
[White "Yakovich, Yuri"]
[Black "Ahlander, Bjorn"]
[Result "1-0"]
[WhiteElo "2592"]
[BlackElo "2436"]
[Annotator "Baburin,A"]
[PlyCount "61"]
[EventDate "1999.07.31"]
[EventType "tourn"]
[EventRounds "9"]
[EventCountry "SWE"]
[EventCategory "9"]
[SourceTitle "CBM 073"]
[Source "ChessBase"]
[SourceDate "1999.12.01"]
[SourceVersion "1"]
[SourceVersionDate "1999.12.01"]
[SourceQuality "1"]

1. c4 e6 2. Nc3 d5 3. d4 Nf6 4. cxd5 exd5 5. Bg5 c6 6. e3 Be7 7. Bd3 O-O 8. Qc2
Nbd7 9. Nge2 Re8 10. O-O Nf8 11. f3 {[%mdl 4]} Ng6 ({Ahlander already tried a
similar set-up 11 years ago:} 11... Nh5 12. Bxe7 Qxe7 13. e4 dxe4 14. fxe4 Be6
15. Rf2 Nf6 16. h3 Rad8 17. Raf1 Ng6 18. a3 Rf8 19. b4 a6 20. Na4 Nd7 21. e5
$36 {Bareev-Ahlander, Naestved 1988.}) 12. Rad1 Nh5 ({The main (and more
critical!) line is} 12... Be6 13. Kh1 Rc8 14. e4 dxe4 15. fxe4 {Here after} Ng4
16. Bc1 c5 17. Bb5 Qc7 18. Nf4 cxd4 19. Bxe8 dxc3 {Black did well in the game
Gulko-Sturua, Elista OL 1998:} 20. Bb5 cxb2 21. Qxb2 Nxf4 22. Bxf4 Qc2 23. Qxc2
Rxc2 24. Rd2 Rxd2 25. Bxd2 Bc5 26. Be1 Bxa2 27. Bg3) 13. Bxe7 Qxe7 14. e4 dxe4
(14... Qg5 15. e5 Bh3 16. Rf2 Nh4 17. g3 f5 18. Kh1 f4 19. gxh4 Qxh4 20. Ng1
Ng3+ 21. hxg3 fxg3 22. Rh2 g2+ 23. Rxg2 Bxg2+ 24. Kxg2 Re6 25. Qf2 Qh5 26. Qg3
$18 {Milanovic-Mirkovic, Belgrade 1998.}) 15. fxe4 Be6 $146 ({RR} 15... Bg4 16.
Rf2 Rad8 17. Rdf1 Rf8 18. h3 Be6 19. e5 c5 20. g4 cxd4 $13 {Brancaleoni-Stavru,
Forli 1992.}) 16. e5 {[%csl Rd6][%cal Gc3e4,Ge4d6]} c5 $6 {[%csl Re5] As we
can see, Black's set-up is very similar to that in the game Bareev-Ahlander,
Naestved 1988, except that there Black hesitated with ...c5. Although this
move, which undermines White's centre, is very desirable for Black, it has
serious drawbacks too as now White's central pawns become mobile. In the game
White used their dynamic potential to the maximum:} 17. d5 $1 Bg4 18. e6 $1 {
[%csl Rf7,Rg6][%cal Gc2g6,Ge6f7]} Nf6 (18... fxe6 19. Bxg6 hxg6 20. Qxg6 Qh4
21. Qf7+ Kh8 22. d6 $18) 19. Ne4 Rf8 (19... fxe6 20. d6 $1 Qf7 21. Ng5 Qd7 22.
Nxh7 $18) 20. Bc4 $5 (20. exf7+ $5 Rxf7 21. d6 Qe5 22. Nxf6+ (22. Bc4 Be6 23.
Bxe6 Qxe6 24. Nxc5 $16) 22... Rxf6 23. Rxf6 Qxf6 24. Qxc5 $16) 20... Nxe4 21.
Qxe4 f5 22. Qe3 Qd6 23. Rd2 f4 24. Qb3 b5 25. Qxb5 f3 26. Ng3 fxg2 (26... Bxe6
27. dxe6 Qxd2 28. e7+ Kh8 29. exf8=Q+ Rxf8 30. gxf3 Nh4 31. Be2 $18) 27. Rxg2
Kh8 28. Rgf2 Nf4 29. Kh1 Qe5 30. e7 Rfb8 31. Rxf4 1-0

[Event "FIDE-Wch k.o."]
[Site "Las Vegas"]
[Date "1999.08.04"]
[Round "2.2"]
[White "Sadler, Matthew D"]
[Black "Asrian, Karen"]
[Result "1/2-1/2"]
[WhiteElo "2626"]
[BlackElo "2575"]
[Annotator "Baburin,A"]
[PlyCount "100"]
[EventDate "1999.07.31"]
[EventType "k.o."]
[EventRounds "7"]
[EventCountry "USA"]
[SourceTitle "CBM 072"]
[Source "ChessBase"]
[SourceDate "1999.10.01"]
[SourceVersion "1"]
[SourceVersionDate "1999.10.01"]
[SourceQuality "1"]

1. d4 d5 2. c4 e6 3. Nc3 Nf6 4. cxd5 exd5 5. Bg5 Be7 6. e3 O-O 7. Bd3 Nbd7 8.
Nge2 Re8 9. O-O c6 10. Qc2 Nf8 11. f3 Be6 12. Kh1 {This is one of possible
moves here. Most common is 12 Rad1, while 12 Bh4 and 12 Rae1 are also played
frequently.} Rc8 13. Rad1 Ng6 14. e4 dxe4 15. fxe4 Ng4 16. Bc1 c5 {This is
Black's preferred method of dealing with the d4/e4 pawn pair in such positions
- he wants the d4-pawn to step forward, which would give Black's knights an
excellent base on e5 and will also turn the d3-bishop into a poor creature.}
17. e5 {This is a new try, but as this game shows, Black has nothing to feat
here.} ({White failed to get any advantage after} 17. Bb5 Qc7 18. Nf4 cxd4 19.
Bxe8 dxc3 20. Bb5 cxb2 21. Qxb2 Nxf4 22. Bxf4 Qc2 {Gulko-Sturua, Elista Ol
1998.}) ({Also after} 17. d5 Bd7 18. Bb5 Bd6 {Black is fine.}) 17... cxd4 18.
Nxd4 Qxd4 19. Bxg6 Qxe5 20. Bf4 Qc5 21. Bxh7+ Kh8 22. Be4 Rcd8 $11 23. Rc1 Bd6
24. Qd2 Bxf4 25. Qxf4 Qe5 26. h3 Qxf4 27. Rxf4 Ne5 28. Rh4+ Kg8 29. Nb5 Ng6 30.
Bxg6 fxg6 31. b3 Bf5 32. Rd4 Rxd4 33. Nxd4 Re7 34. Kg1 a6 35. h4 Bg4 36. Rc2
Rd7 37. Rd2 Rd5 38. Kf2 g5 39. hxg5 Rxg5 40. Ke3 Rd5 41. Ke4 Rc5 42. Kf4 Bd7
43. Nf3 g5+ 44. Ke3 Bc6 45. Rd8+ Kf7 46. Rd2 Kf6 47. Rf2 Bxf3 48. Rxf3+ Ke5 49.
Rf7 Rc3+ 50. Ke2 b5 1/2-1/2

[Event "Lippstadt 9th"]
[Site "Lippstadt"]
[Date "1999.07.30"]
[Round "9"]
[White "McShane, Luke J"]
[Black "Mirumian, Vigen"]
[Result "0-1"]
[WhiteElo "2467"]
[BlackElo "2506"]
[Annotator "Baburin,A"]
[PlyCount "48"]
[EventDate "1999.07.22"]
[EventType "tourn"]
[EventRounds "11"]
[EventCountry "GER"]
[EventCategory "8"]
[SourceTitle "CBM 072"]
[Source "ChessBase"]
[SourceDate "1999.10.01"]
[SourceVersion "1"]
[SourceVersionDate "1999.10.01"]
[SourceQuality "1"]

1. d4 Nf6 2. c4 e6 3. Nc3 d5 4. cxd5 exd5 5. Bg5 Nbd7 6. e3 c6 7. Bd3 Be7 8.
Nge2 O-O 9. Qc2 Re8 10. O-O Nf8 11. a3 {This move does not look aggressive,
but it has lots of poison.} Ne4 ({After} 11... Bd6 $6 12. Kh1 Ng6 13. f3 Be7
14. e4 dxe4 15. fxe4 Ng4 16. Bxe7 Qxe7 17. Bc4 Be6 18. Bxe6 fxe6 19. Qb3 {
White seized initiative in the game Gulko-Boensch, Thessaloniki 1988.}) ({
Apart from usual move - 11...Ng6, 11...Be6, 11...Ng4, Black can also play} 
11... Nh5 {After} 12. Bxe7 Qxe7 13. b4 Qg5 14. Rae1 Bh3 15. Ng3 Nxg3 16. hxg3
Bd7 17. e4 $1 dxe4 18. Nxe4 Qe7 19. Qc3 Be6 20. Nc5 Qc7 21. Be4 Rad8 22. Re3
Rd6 23. Bf5 Red8 24. Bxe6 Nxe6 25. Nxe6 Rxe6 26. Rxe6 fxe6 {Black kept the
balance in the game H.Olafsson-Baburin, Las Vegas 1997.}) 12. Bxe7 Qxe7 13.
Bxe4 dxe4 14. Ng3 ({Also quite interesting here is} 14. b4 $5 b6 15. Rfc1 f5
16. b5 c5 17. dxc5 Qxc5 18. Nd4 Be6 19. Nce2 Qe5 20. Qc7 {as in the game
Chabanon-Hardarson, Reykjavik 1993.}) 14... f5 15. f3 ({Here White has a
completely different plan at his disposal:} 15. d5 $5 Ng6 16. dxc6 bxc6 17. Na4
Ne5 18. Nc5 Rb8 19. Rfd1 g6 20. Qc3 $16 {as in the game Iskusnyh-Baklanova, St.
Petersburg 1994.}) 15... exf3 16. Rxf3 Ng6 17. Re1 f4 18. Nge4 Qh4 (18... Bg4
$5 19. Rf2 fxe3 20. Rxe3 Qd7 21. Qd2 $11 {Guzman,E-Diedrichsen,D/BL2 1990.})
19. Rf2 fxe3 20. Rxe3 Be6 21. Nd6 {This is a good move, played with a wrong
idea in mind!} (21. Qa4) 21... Qxd4 22. Rd3 $4 (22. Qd2 Qxd2 23. Rxd2 Re7 24.
Nxb7 $14) 22... Bc4 $1 $19 23. Rd1 Qxd6 24. Ne4 Rxe4 0-1